|
|
|
|
| LEADER |
00000nam a2200000 a 4500 |
| 001 |
vtls001470829 |
| 003 |
SK-MaSNL |
| 005 |
20260426014541.0 |
| 008 |
240315s2003 xo a g 0 slo |
| 015 |
|
|
|a SNBE2004/02-00699
|
| 020 |
|
|
|a 8080582912
|
| 035 |
|
|
|a SNK000426133
|
| 040 |
|
|
|a SNK
|b slo
|c SNK
|e AACR2
|
| 041 |
0 |
|
|a slo
|
| 043 |
|
|
|a e-xo---
|
| 044 |
|
|
|a xo
|c SK
|
| 072 |
|
7 |
|a 636
|2 konspekt
|
| 080 |
|
|
|a 636.39
|2 1981
|
| 080 |
|
|
|a 636.08
|2 1981
|
| 080 |
|
|
|a (437.6)
|2 1981
|
| 080 |
|
|
|a (047)
|2 1981
|
| 080 |
|
|
|a (083.41)
|2 1981
|
| 080 |
|
|
|a 636.39(437.6)(047.1)
|2 2. slo
|
| 100 |
1 |
|
|a Borecká, Svetlana
|4 aut
|9 13025
|
| 245 |
1 |
|
|a Kozy
|b situačná a výhľadová správa : jún 2003
|c [autor Svetlana Borecká]
|
| 250 |
|
|
|a 1. vyd.
|
| 260 |
|
|
|a V Bratislave
|b Výskumný ústav ekonomiky poľnohospodárstva a potravinárstva
|b Ministerstvo pôdohospodárstva SR
|c 2003
|
| 300 |
|
|
|a 18 s.
|b grafy, tab.
|c 30 cm
|
| 500 |
|
|
|a Res. v slov. a angl.
|
| 500 |
|
|
|a Obalový názov
|
| 500 |
|
|
|a 70 výt.
|
| 648 |
|
7 |
|a 2002
|2 SNK
|9 299607
|
| 650 |
0 |
7 |
|a kozy
|2 SNKPH
|9 16130
|
| 650 |
0 |
7 |
|a chov hospodárskych zvierat
|2 SNKPH
|9 2802
|
| 650 |
0 |
7 |
|a živočíšna výroba
|2 SNKPH
|9 2836
|
| 651 |
|
7 |
|a Slovensko
|2 SNKPHgeo
|9 14231
|
| 655 |
|
7 |
|a informačné publikácie
|2 SNKPH
|9 70181
|
| 655 |
|
7 |
|a správy
|2 SNKPH
|9 70563
|
| 655 |
|
7 |
|a štatistické prehľady
|2 SNKPH
|9 70689
|
| 655 |
|
7 |
|a situačné správy
|2 SNK
|9 303783
|
| 752 |
|
|
|d Bratislava 4 650
|
| 919 |
|
|
|a 80-8058-291-2
|
| 999 |
|
|
|c 1161004
|d 1162934
|
| 952 |
|
|
|t P60, <03>, [BOOK], {603}
|a SNK
|b SNK
|y PREZ
|7 0
|p 17A0420302
|o snkOSB 13139/2003/[1]
|i snkKSP 4036/2004
|0 0
|1 0
|4 0
|d 2004-03-16
|l 0
|r 2005-01-02 00:00:00
|w 2026-02-24
|
| 952 |
|
|
|t P60, <04>, [BOOK], {604}
|a SNK
|b SNK
|y VYP
|7 0
|p 17A0420304
|o snkOSB 13139/2003/[1] D1
|i snkKSP 4037/2004
|0 0
|1 0
|4 0
|d 2004-03-16
|l 0
|r 2005-01-02 00:00:00
|w 2026-02-24
|